00253nam a2200109Ia 4500008004100000040001700041041001200058082001400070100001500084245003200099300001200131230917s9999||||xx |||||||||||||| ||und|| e150904aMAIN aEnglish aB J334R:J aRaghuvansh 0aJaiprakash naryan ke vichar a296p p.